The artist as reporter
Saved in:
| Hovedforfatter: | |
|---|---|
| Format: | Bog |
| Sprog: | engelsk |
| Udgivet: |
Londres
Vista
1967
|
| Fag: | |
| Tags: |
Tilføj Tag
Ingen Tags, Vær først til at tagge denne postø!
|
MARC
| LEADER | 00000nam a2200000 a 4500 | ||
|---|---|---|---|
| 001 | UCT1100 | ||
| 003 | CL-VaPUC | ||
| 008 | 960927e19670000UK |||||||||||||||||eng|d | ||
| 082 | 0 | 4 | |a 741.9 |b HOG |2 21 |
| 100 | 0 | |a Hogarth, Paul |e author |9 369876 | |
| 245 | 1 | 4 | |a The artist as reporter |
| 300 | |a 95 p | ||
| 942 | |c BK | ||
| 945 | |d 19960927 00:00:00 |a rleighto | ||
| 260 | |a Londres |b Vista |c 1967 | ||
| 650 | 0 | |a Dibujos |9 264123 | |
| 650 | 0 | |a Artistas |9 262026 | |
| 650 | 0 | |a Obras de arte |9 337253 | |
| 650 | 0 | |a Colecciones artísticas |9 348038 | |
| 583 | |a last modification |c 19960927 00:00:00 |k Rodrigo Vera | ||
| 999 | |c 251757 |d 251755 | ||
| 952 | |0 0 |1 0 |4 0 |6 741_900000000000000_HOG_1967 |7 0 |8 P |9 271144 |a BIBARQ |b BIBARQ |d 2019-11-19 |i 3230341 |o 741.9 HOG 1967 |p 3230341 |r 2025-01-20 |w 2019-11-19 |y BK |k ARQ | ||